On a Stormy Course: (Record no. 190352)
[ view plain ]
| 000 -LEADER | |
|---|---|
| fixed length control field | 00733nam a22002177a 4500 |
| 005 - DATE AND TIME OF LATEST TRANSACTION | |
| control field | 20250228101541.0 |
| 010 ## - LCCN (DPL NO) | |
| LC control number | ENG-133870 ENG-142513 |
| 020 ## - INTERNATIONAL STANDARD BOOK NUMBER | |
| International Standard Book Number | 9789351952602 |
| Terms of availability | 399.00 |
| 020 ## - INTERNATIONAL STANDARD BOOK NUMBER | |
| International Standard Book Number | 9789357943512 |
| Terms of availability | 599.00 |
| 035 ## - SYSTEM CONTROL NUMBER | |
| System control number | EN-117402 |
| 035 ## - SYSTEM CONTROL NUMBER | |
| System control number | EN-126045 |
| 037 ## - SOURCE OF ACQUISITION | |
| Source of stock number/acquisition | DBAD |
| 082 ## - DEWEY DECIMAL CLASSIFICATION NUMBER | |
| Classification number | 378.5456 |
| 100 ## - MAIN ENTRY--PERSONAL NAME | |
| Personal name | Thampu, Valson |
| 245 ## - TITLE STATEMENT | |
| Title | On a Stormy Course: |
| Remainder of title | In the hot seat at St. Stephen's/ |
| Statement of responsibility, etc | By Valson Thampu |
| 260 ## - PUBLICATION, DISTRIBUTION, ETC. (IMPRINT) | |
| Place of publication, distribution, etc | Gurugram |
| Name of publisher, distributor, etc | Hachette Bok publishing india pvt. ltd. |
| Date of publication, distribution, etc | 2018 |
| 270 ## - ADDRESS | |
| Address | 4th & 5th Floors, Corporate Centtre, Plot No. 94, Sector 44, |
| City | Gurugram |
| Postal code | 122003 |
| 300 ## - PHYSICAL DESCRIPTION | |
| Extent | 298 p. |
| Dimensions | 21cm(pb) |
| Other physical details | Index |
| 300 ## - PHYSICAL DESCRIPTION | |
| Extent | 298 p. |
| Dimensions | 22cm(Hb) |
| Other physical details | Index |
| 942 ## - ADDED ENTRY ELEMENTS (KOHA) | |
| Source of classification or shelving scheme | Dewey Decimal Classification |
| Item type | English Books |
| Classification part | 378.5456 |
| Call number suffix | THA |
| Withdrawn status | Lost status | Not for loan | Collection code | Home library | Current library | Date acquired | Source of acquisition | Cost, normal purchase price | Full call number | Barcode | Copy number | Cost, replacement price | Koha item type |
|---|---|---|---|---|---|---|---|---|---|---|---|---|---|
| Non-fiction | Bawana | Bawana | 22/07/2022 | DBAD/PUB | 399.00 | 378.5456 THA | EN-117402 | 1 | 399.00 | English Books | |||
| Non-fiction | Bawana | Bawana | 28/10/2024 | DBAD | 599.00 | 378.5456 THA | EN-126045 | 1 | 599.00 | English Books |
